Georges Simenon au cinéma (images) - Statistiques

Statistiques générales
  • Ce quiz a été pris 15 fois
  • Le résultat moyen est 6 sur 16
Statistiques - réponses
Par images Hint Réponse % Correct
Pierre Granier-Deferre Le Chat
100%
Henri Verneuil Le Président
77%
Pierre Granier-Deferre Le Train
54%
Pierre Granier-Deferre La Veuve Couderc
46%
Jean Delannoy Le Baron de l'écluse
38%
Georges Lautner L'inconnu dans la maison
38%
Julien Duvivier Panique
38%
Henri Decoin La vérité sur Bébé Donge
31%
Henri Decoin Les inconnus dans la maison
31%
Jean Becker Les volets verts
31%
Jacques Deray L'ours en peluche
31%
Jean Delannoy Maigret tend un piège
31%
Édouard Molinaro La Mort de Belle
23%
Pierre Jolivet En plein cœur
8%
Henri Verneuil Le fruit défendu
8%
Phil Karlson Les frères Rico
8%
Aucun quiz correspondant
Distribution des résultats
% des personnes avec chaque résultat
Percentile par nombre de réponses
Votre historique - résultats
Vous n’avez pas pris ce quiz